Sublime Discography - Statistics

General Stats
  • This quiz has been taken 17 times
  • The average score is 6 of 16
Answer Stats
Type Year Name % Correct
Album 1992 40oz. to Freedom
94%
Album 1996 Sublime
88%
Album 1991 Jah Won't Pay the Bills
63%
Album 1994 Robbin' the Hood
63%
Box Set 2006 Everything Under the Sun
44%
Compilation 1997 Second-hand Smoke
44%
Live Compilation 1998 Stand by Your Van
38%
Live Album 2013 3 Ring Circus - Live at The Palace
31%
Compilation 2005 Gold
31%
EP 1996 What I Got
31%
EP 1995 Badfish
25%
Compilation 1999 Greatest Hits
19%
Compilation 1998 Sublime Acoustic: Bradley Nowell & Friends
19%
Compilation 2002 20th Century Masters - The Millennium Collection: The Best of Sublime
13%
Compilation 2011 Icon
6%
Compilation 2008 Playlist Your Way
6%
No matching quizzes found
Score Distribution
Percent of People with Each Score
Percentile by Number Answered
Your Score History
You have not taken this quiz